000 01271cam a22003737a 4500
003 CHAP
005 20220329142655.0
008 010926s2000 mx r 00010 spa d
010 _a86338
011 _a87310
020 _a8487729290
035 _a97853
040 _cCHAP
082 0 4 _a635
_bN6 v.3
100 0 0 _aNamesny Vallespir, Alicia.
_980102
245 1 0 _aPost-recolección de hortalizas (vol.3) :
_bhortalizas de fruto
_c/por Alicia Namesny Vallespir
260 _aReus, España :
_bEdiciones de Horticultura,
_c1999.
300 _av. :
_bilus. ; gráfs.
490 0 _aCompendios de Horticultura
_v; 11
590 _aBATCH-UPD
_b10
_c20130110
_lUCH01
_h0600
590 _aBATCH-UPD
_b10
_c20130410
_lUCH01
_h0241
590 _aBATCH-UPD
_b10
_c20130914
_lUCH01
_h1019
590 _aCONVERSION
_b10
_c20130109
_lUCH01
_h1348
650 0 4 _aFruticultura.
_943684
650 0 4 _aHorticultura.
_956291
650 0 4 _aLegumbres.
_965680
650 0 4 _aLegumbres
_xTecnología postcosecha.
_965787
650 0 4 _aTecnología postcosecha.
_9111963
830 0 0 _aCompendios de Horticultura
_v; 11
_926088
901 _aBK
905 _aAlejandra Carrasco M.
942 _cLIBRO
949 _a635 N6 v.3
_bBC
_cLIBRO
_d33724000878393
_eLIBRO
_h103063
_i97853
_k215567
_si
_t$ 599.00
999 _c86338
_d86338